00621nam a2200217Ia 450000500170000000800410001702000150005808200130007310000130008610000130009924500670011225000090017926000240018830000140021265000110022665000230023765000250026094200060028595200970029199900150038820240606030027.0240331s9999 xx 000 0 und d a0855981555 bPRYa363 aPryer, J aCrook,N. 0aCities of hunger :burban malnutrition in developing countries a2nd  aOxfordbOxfamc1988 av,112 p., aHunger aUrban Malnutrition aDeveloping Countries cL 001040708LaWERCLbWERCLcSSCd2024-03-31l0o 363.8 PRYp4008r2024-03-31w2024-03-31yL c2954d2954